| 000 | 00930nam a2200241Ia 4500 | ||
|---|---|---|---|
| 003 | Ost | ||
| 005 | 20260507075436.0 | ||
| 008 | 260507s9999||||xx |||||||||||||| ||und|| | ||
| 020 | _a9789947850176 | ||
| 040 | _cfsecg | ||
| 041 | _aara | ||
| 082 | _a657.04 | ||
| 100 | _eمؤلف | ||
| 245 | 0 | _aمعايير المحاسبة الدولية IAS / | |
| 260 |
_aالجزائر: _bالصفحات الزرقاء, _c2008 |
||
| 300 |
_a127 صفحة؛ _bإيضاحات ؛ _c24 سم |
||
| 490 | _aFormes sémiotiques | ||
| 504 | _aببليوغرافيا: ص.127 ملاحق ص.99 | ||
| 520 | _aعموميات المعايير المحاسبية الدولية IAS، المعايير الدولية لإعداد التقارير المالية IFRS، الاطار العام لإعداد وعرض البيانات المالية | ||
| 653 | _aالمحاسبة الدولية | ||
| 653 | _aالمعايير | ||
| 942 | _cكتاب | ||
| 999 |
_c44539 _d44539 |
||